01235nam a2200265 a 450000100100000000500170001000800410002704000250006808200190009310000430011224501860015526000400034130000210038150000730040250500350047559000260051060000310053665000310056765000370059865000510063570000530068691000370073995201760077699900170095200003146120240412074255.0110622s1953 cu r 000 0 spa d aDO-SdBNPbspacBNPHU aRD860.4bN789e1 aNolasco, Sócrates,d1884-198092232310aEscritores de Puerto Rico :bNemesio R. Canales, Antonio Pérez Pierret, Miguel Guerra Mondragón, Luis Lloréns Torres /cSócrates Nolasco ; prólogo de Luis Muñoz Marín. aManzanillo, Cuba :bEl Arte,c1953. a232 p. ;c21 cm. aIncluye referencias bibliográficas y notas al pie de las páginas0 aMomentos de Nemesio R. Canales aInventariado, 2018/LP14aCANALES, NEMESIO R.940662 0aLiteratura dominicana.967 4aLiteratura puertorriqueña9250 4aAutores puertorriqueñosvBIOGRAFÍAS9202041 aMuñoz Marín, Luis,d1898-1980.eprol.912435 aValidado. Control de calidad MFF 001050718RVaPDbPDcHDd2011-06-22iLF1l0oRDR860.4 N789ep31461-10r2020-06-25w2020-06-25y1zPerteneció a la biblioteca personal de Martínez BoogZNo se presta c30953d30953